| 000 | 00838cab a22002295a 4500 | ||
|---|---|---|---|
| 001 | L157610 | ||
| 008 | 130131e2013 xxk 000 0 eng d | ||
| 035 | _a(Sirsi) u157610 | ||
| 041 | 0 | _aeng | |
| 100 | 1 | _aBarge, Lisa | |
| 245 | 0 | 0 | _aKeeping farming in the family |
| 260 | _c2013 | ||
| 490 |
_aEstates Gazette _v(1304) 26 January 2013, 102-103(2) |
||
| 520 | _aHow agricultural tenancies protected by the Agricultural Holdings Act 1986 can be passed on to close relatives. Includes information about what tenancies benefit from the right to succession, who is eligible to succeed to a tenancy and procedural requirements. | ||
| 590 | _aKA | ||
| 650 | 2 | 4 | _aAGRICULTURAL HOLDINGS ACT 1986 |
| 651 | 4 | _aUnited Kingdom | |
| 690 |
_aRural _96268 |
||
| 690 |
_aLandlord and tenant _96252 |
||
| 700 | 1 | _aPhillips, Robert | |
| 942 | _n0 | ||
| 999 |
_c84420 _d84420 |
||